[Event "SVK-ch U14"]
[Site "Lubovna"]
[Date "2013.04.13"]
[Round "9"]
[White "Jadron, Jozef"]
[Black "Kacerik, Timotej"]
[Result "1-0"]
[WhiteElo "1431"]
[BlackElo "1000"]
[PlyCount "105"]
[EventDate "2013.04.06"]
[EventType "swiss"]
[EventRounds "9"]
[EventCountry "SVK"]
[SourceTitle "CBM 153 Extra"]
[Source "ChessBase"]
[SourceDate "2013.04.22"]
[SourceVersion "1"]
[SourceVersionDate "2013.04.22"]
[SourceQuality "1"]

1. e4 e5 2. Nf3 Nc6 3. Bc4 Bc5 4. Nc3 Nf6 5. d3 a6 6. h3 h6 7. 0-0 0-0 8. Na4 Ba7 9. Bd2 d6 10. Bc3 b5 11. Bd5 Bb7 12. Bxe5 dxe5 13. Bxc6 Bxc6 14. Nc3 b4 15. Ne2 Qe8 16. Re1 Qb8 17. Nxe5 Be8 18. Qd2 c6 19. Nc4 c5 20. e5 Nh5 21. d4 Qb7 22. d5 Bb5 23. Nd6 Qb8 24. Nxb5 Qxb5 25. g4 Bb8 26. d6 Re8 27. Qd5 Ba7 28. gxh5 Rad8 29. Rad1 Rd7 30. Ng3 Qb6 31. Nf5 Re6 32. Kh2 c4 33. Qd4 Qb8 34. Qg4 Qf8 35. Qxc4 Bxf2 36. Re2 Ba7 37. Qxb4 Qd8 38. Ne7+ Kf8 39. Nc6 Qa8 40. Nxa7 Qxa7 41. Qd4 Qb8 42. c4 Qa8 43. c5 Qc6 44. Qd5 Qxd5 45. Rxd5 f6 46. c6 Rd8 47. c7 Ra8 48. d7 Re7 49. d8Q+ Re8 50. Qxe8+ Kxe8 51. exf6+ Kf8 52. Rd7 Kg8 53. Rxg7+ 1-0

[Event "SVK-ch U14"]
[Site "Lubovna"]
[Date "2013.04.11"]
[Round "7"]
[White "Milany, Levente"]
[Black "Kacerik, Timotej"]
[Result "1-0"]
[WhiteElo "1288"]
[BlackElo "1000"]
[PlyCount "103"]
[EventDate "2013.04.06"]
[EventType "swiss"]
[EventRounds "9"]
[EventCountry "SVK"]
[SourceTitle "CBM 153 Extra"]
[Source "ChessBase"]
[SourceDate "2013.04.22"]
[SourceVersion "1"]
[SourceVersionDate "2013.04.22"]
[SourceQuality "1"]

1. e4 e5 2. Nf3 Nc6 3. d4 d6 4. d5 Na5 5. b4 Bg4 6. bxa5 Bxf3 7. Qxf3 Nf6 8. Bg5 Be7 9. Bd3 h6 10. Bxf6 Bxf6 11. 0-0 0-0 12. Nd2 Bg5 13. Qe2 c6 14. Nf3 Bf6 15. c4 Qxa5 16. Rab1 Rab8 17. Rb2 c5 18. Qd2 Qc7 19. Rfb1 b6 20. Rb3 Rb7 21. Qb2 Ra8 22. a4 Rab8 23. a5 Qd8 24. a6 Rd7 25. Ra3 Ra8 26. Bc2 Re7 27. Ba4 Kf8 28. Bc6 Rc8 29. Bb7 Rb8 30. Rb3 Rbxb7 31. axb7 Rxb7 32. Ra1 Qb8 33. Ra5 g6 34. Ra1 Kg8 35. Qa2 Bg7 36. Ra3 a5 37. Rb3 Qa7 38. Qb2 a4 39. Rba3 Qb8 40. Rxa4 Qc7 41. Rb1 Qc8 42. Ra6 Qd7 43. Rxb6 Rxb6 44. Qxb6 Qg4 45. Qxd6 Qxe4 46. Re1 Qxc4 47. Nxe5 Qc3 48. Nf3 Qb4 49. g3 Bc3 50. Re8+ Kg7 51. Rf8 h5 52. Ng5 1-0

[Event "SVK-ch U14"]
[Site "Lubovna"]
[Date "2013.04.08"]
[Round "3"]
[White "Kriska, Michael"]
[Black "Kacerik, Timotej"]
[Result "1-0"]
[WhiteElo "1000"]
[BlackElo "1000"]
[PlyCount "41"]
[EventDate "2013.04.06"]
[EventType "swiss"]
[EventRounds "9"]
[EventCountry "SVK"]
[SourceTitle "CBM 153 Extra"]
[Source "ChessBase"]
[SourceDate "2013.04.22"]
[SourceVersion "1"]
[SourceVersionDate "2013.04.22"]
[SourceQuality "1"]

1. Nf3 Nc6 2. g3 e5 3. e4 Nf6 4. d3 Be7 5. Bg2 0-0 6. 0-0 d6 7. Qd2 h6 8. b3 Bg4 9. Bb2 Qd7 10. Kh1 Bh3 11. Bxh3 Qxh3 12. Ng1 Qxf1 13. Nc3 Qxa1 14. Bxa1 Ng4 15. Nd5 Bg5 16. f4 Rac8 17. fxg5 hxg5 18. Qxg5 Nf2+ 19. Kg2 Nd1 20. Nf6+ Kh8 21. Qh5# 1-0